00633cam a22002173a 450000100060000000300060000600500170001200800410002904000150007004200070008505000070009210000490009924500780014826000290022650600300025551600200028565300170030565300220032283000290034485600420037333236PGUSA20140828083723.0100723s2010||||xxu|||||s|||||000 | eng d aPGUSAbeng adc 4aQL1 aScharff, R. F.q(Robert Francis),d1858-193414aThe History of the European Faunah[electronic resource] /cR. F. Scharff bProject Gutenberg,c2010 aPublic domain in the USA. aElectronic text aZoogeography aAnimals -- Europe 0aProject Gutenbergv3323640uhttp://www.gutenberg.org/ebooks/33236